| 000 | 01947cam a22005054i 4500 | ||
|---|---|---|---|
| 003 | PE-LiUPU | ||
| 005 | 20250731165452.0 | ||
| 008 | 150623s r 000 0 d | ||
| 020 | _a0802841260 | ||
| 035 | _a(Sirsi) i9780802841261 | ||
| 040 |
_aPE-LiUPU _bspa _cPE-LiUPU _erda |
||
| 049 | _aPRUA | ||
| 082 | 0 | 4 |
_a221.7 _bITC _221 |
| 100 | 1 |
_aSakenfeld, Katherine Doob, _eautor. |
|
| 245 | 1 | 0 |
_aNumbers : _ba comentary on the book of; journeying with God. _n4 / _cKatherine Doob Sakenfeld. |
| 264 | 1 |
_aMichigan : _bWilliam B. Eerdmans Publishing Company, _c1995. |
|
| 300 |
_a194 páginas ; _c21 centímetros |
||
| 336 |
_atext _2rdacontent |
||
| 337 |
_aunmediated _2rdamedia |
||
| 338 |
_avolume _2rdacarrier |
||
| 490 | 0 | _aInternational Theological Commentary | |
| 504 | _aIncluye bibliografía. | ||
| 505 | 0 | _aPreparation for journeying from sinai. - Journey from sinai to moab. - End of the first generation apposite Jericho. -Census of the new generation (26:1-65). -Miscellaneous legislation; Events prior to Moses' death (27:1-36-13). | |
| 526 | _aSEG44 | ||
| 526 | _aSEG26 | ||
| 526 | _aP151 | ||
| 526 | _aP150 | ||
| 526 | _aP149 | ||
| 526 | _aP146 | ||
| 526 | _aP145 | ||
| 526 | _aP126 | ||
| 526 | _aP125 | ||
| 526 | _aP92 | ||
| 526 | _aP75 | ||
| 526 | _aP74 | ||
| 526 | _aP27 | ||
| 526 | _aP15 | ||
| 630 |
_aBiblia. _pA.T. _pNúmeos _xComentarios. |
||
| 942 |
_2ddc _cBOOK |
||
| 949 |
_aRC 221.7 ITC 4 _wDEWEY _c1 _i44465 _lCCODEBUL1 _mBUL _r0 _sY _tBOOK _u2015-6-24 _xTEOLOGIA _PP35 _0COMPRA _o.CIRCNOTE. No olvidar cambiar la fecha de devolución!!!!!!! _o.STAFF. Colección General |
||
| 994 |
_aC0 _bPEPRU |
||
| 596 | _a1 | ||
| 999 |
_aRC 221.7 ITC 4 _wDEWEY _c21342 _i44465 _d21342 _f2021-11-8 _g5 _lCCODEBUL1 _mBUL _q7 _r1 _sY _tBOOK _u2015-6-24 _xTEOLOGIA _PP35 _0COMPRA _o.CIRCNOTE. No olvidar cambiar la fecha de devolución!!!!!!! _o.STAFF. Colección General |
||
| 980 |
_81 _gALBERTO SANCHEZ Responsable de Automatización |
||